[Event "TCh-TUR 2014"]
[Site "Konya TUR"]
[Date "2014.06.27"]
[Round "6.2"]
[White "Soyek, Ramazan"]
[Black "Kucumenler, Tarkan"]
[Result "0-1"]
[WhiteElo "2003"]
[BlackElo "2088"]
[WhiteTeam "Callica Genclik Ve Spor Kulubu"]
[BlackTeam "Kocaeli Buyuksehir Belediyesi Kagit Spor"]
[WhiteFideId "6314953"]
[BlackFideId "6301010"]
[EventDate "2014.06.23"]

1. e4 c5 2. Nc3 d6 3. Nf3 a6 4. d4 cxd4 5. Nxd4 Nf6 6. Bc4 e6 7. Bb3 b5 8. f3
Nbd7 9. Be3 Nc5 10. Qd2 Bd7 11. g4 b4 12. Nce2 h6 13. c3 bxc3 14. Nxc3 Nxb3 15.
Nxb3 a5 16. O-O Be7 17. Nd4 a4 18. Rac1 Qa5 19. Rfd1 O-O 20. Nce2 Qa6 21. Ng3
Rfc8 22. h4 Nh7 23. g5 hxg5 24. hxg5 g6 25. Nc2 Qb5 26. Nd4 Qb7 27. Rxc8+ Rxc8
28. Rc1 Rb8 29. Rc2 e5 30. Nde2 Be6 31. Nc3 Qd7 32. Nh1 a3 33. b3 Qd8 34. Nb1
Nxg5 35. Qd1 d5 36. Rd2 d4 37. Bxg5 Bxg5 38. Rh2 Rc8 39. Rc2 Be3+ 40. Kf1 Qh4
41. Nf2 Bxf2 42. Rxf2 Rc1 0-1

[Event "TCh-TUR 2014"]
[Site "Konya TUR"]
[Date "2014.06.27"]
[Round "6.2"]
[White "Nikolova, Adriana"]
[Black "Simsek, Meltem"]
[Result "1-0"]
[WhiteTitle "WGM"]
[WhiteElo "2303"]
[BlackElo "1731"]
[WhiteTeam "Kocaeli Buyuksehir Belediyesi Kagit Spor"]
[BlackTeam "Callica Genclik Ve Spor Kulubu"]
[WhiteFideId "2908689"]
[BlackFideId "6306594"]
[EventDate "2014.06.23"]

1. e4 c6 2. d4 d5 3. exd5 cxd5 4. c4 Nf6 5. Nc3 e6 6. Nf3 Bb4 7. Bd3 O-O 8. O-O
Bxc3 9. bxc3 b6 10. Bg5 Bb7 11. cxd5 Bxd5 12. Ne5 Nbd7 13. Nxd7 Qxd7 14. Re1 Ne8
15. Re3 f5 16. Bf4 Rc8 17. Ba6 Rd8 18. Qe2 Nf6 19. Bg5 h6 20. Bxf6 Rxf6 21. f3
Rb8 22. Bb5 Bc6 23. Bc4 Bd5 24. Bxd5 Qxd5 25. Re1 Re8 26. Re5 Qc6 27. d5 Qxc3
28. dxe6 Qd4+ 29. Kh1 Qd6 30. e7 Qc6 31. Qd3 Qc8 32. h4 g6 33. Qd5+ Kg7 34. Qd4
Kf7 35. h5 g5 36. Qd5+ Kg7 37. Qd3 Kf7 38. g4 Qc6 39. Kg2 Qd6 40. Qc2 Qd4 41.
gxf5 g4 42. R1e4 gxf3+ 43. Kxf3 Qg1 44. Qb3+ 1-0

[Event "TCh-TUR 2014"]
[Site "Konya TUR"]
[Date "2014.06.27"]
[Round "6.2"]
[White "Zor, Alber Kadir"]
[Black "Gundogan, Cem"]
[Result "1/2-1/2"]
[WhiteElo "1963"]
[BlackElo "2054"]
[WhiteTeam "Callica Genclik Ve Spor Kulubu"]
[BlackTeam "Kocaeli Buyuksehir Belediyesi Kagit Spor"]
[WhiteFideId "6353169"]
[BlackFideId "6311032"]
[EventDate "2014.06.23"]

1. d4 d5 2. c4 dxc4 3. Nf3 Nf6 4. Qa4+ c6 5. Qxc4 Bf5 6. g3 b5 7. Qb3 e6 8. Bg2
Be7 9. O-O O-O 10. a4 b4 11. Nbd2 Qd5 12. Nc4 Be4 13. Be3 Nbd7 14. a5 Rfc8 15.
Rfd1 Qb5 16. Nfd2 Bxg2 17. Kxg2 c5 18. Qa4 1/2-1/2

[Event "TCh-TUR 2014"]
[Site "Konya TUR"]
[Date "2014.06.27"]
[Round "6.2"]
[White "Kilic, Efe Mert"]
[Black "Caglar, Ahmet Ata"]
[Result "1/2-1/2"]
[WhiteElo "1859"]
[BlackElo "1841"]
[WhiteTeam "Kocaeli Buyuksehir Belediyesi Kagit Spor"]
[BlackTeam "Callica Genclik Ve Spor Kulubu"]
[WhiteFideId "6354327"]
[BlackFideId "6328636"]
[EventDate "2014.06.23"]

1. e4 c5 2. Nf3 Nc6 3. b3 Nf6 4. e5 Nd5 5. Bb2 e6 6. g3 Be7 7. Bg2 O-O 8. O-O d6
9. exd6 Qxd6 10. d4 cxd4 11. Nxd4 Nxd4 12. Bxd4 Rd8 13. Bb2 Qc7 14. Qe2 Bf6 15.
Bxf6 Nxf6 16. c4 Bd7 17. Nc3 Bc6 18. Bxc6 Qxc6 19. Rad1 a6 20. Rxd8+ Rxd8 21.
Rd1 Rxd1+ 22. Qxd1 g6 23. Qd3 h5 24. f3 Qc5+ 25. Kg2 Qe5 26. Ne4 Nxe4 27. Qxe4
Qb2+ 28. Kh3 Qf2 29. f4 Qf1+ 30. Qg2 Qd1 31. Qe4 Qf1+ 32. Qg2 Qd1 33. Qe4 Qf1+
34. Qg2 Qd1 1/2-1/2

[Event "TCh-TUR 2014"]
[Site "Konya TUR"]
[Date "2014.06.27"]
[Round "6.2"]
[White "Incecik, Seyma Zeynep"]
[Black "Gundogan, Sinem Cagla"]
[Result "0-1"]
[WhiteElo "1477"]
[BlackElo "1770"]
[WhiteTeam "Callica Genclik Ve Spor Kulubu"]
[BlackTeam "Kocaeli Buyuksehir Belediyesi Kagit Spor"]
[WhiteFideId "6374948"]
[BlackFideId "6325378"]
[EventDate "2014.06.23"]

1. e4 e5 2. Nf3 Nc6 3. Bc4 Bc5 4. Nc3 Nf6 5. d3 h6 6. Be3 Bb4 7. O-O d6 8. h3
Be6 9. Bb3 Qd7 10. Ne2 Bxb3 11. axb3 d5 12. c3 Bd6 13. Ng3 O-O 14. Nh4 d4 15.
Bd2 dxc3 16. bxc3 Rfd8 17. Nf3 Qe6 18. Qc2 Bc5 19. Be3 Bb6 20. Rfd1 Na5 21. b4
Nc6 22. Nd2 Ne7 23. Nb3 Ng6 24. Ne2 Nh5 25. d4 Nh4 26. g3 Qxh3 27. gxh4 Rd6 28.
Rd3 Rg6+ 29. Bg5 Qxh4 30. Kf1 Qh1+ 31. Ng1 Rxg5 32. Ke2 Rxg1 33. Rxg1 Qxg1 34.
Qd1 Nf4+ 35. Ke3 Qg5 36. Rd2 Re8 37. Kf3 Qg2+ 38. Ke3 exd4+ 39. Nxd4 Rxe4# 0-1

[Event "TCh-TUR 2014"]
[Site "Konya TUR"]
[Date "2014.06.27"]
[Round "6.3"]
[White "Zarkua, Davit"]
[Black "Iordachescu, Viorel"]
[Result "1/2-1/2"]
[WhiteTitle "IM"]
[BlackTitle "GM"]
[WhiteElo "2409"]
[BlackElo "2587"]
[WhiteTeam "Karsiyaka Satranc Spor Kulubu"]
[BlackTeam "Denizli Pamukkale Universitesi"]
[WhiteFideId "13602292"]
[BlackFideId "13900200"]
[EventDate "2014.06.23"]

1. Nf3 Nf6 2. c4 g6 3. b3 Bg7 4. Bb2 O-O 5. e3 c5 6. Be2 d6 7. d4 cxd4 8. Nxd4
Nc6 9. O-O Nxd4 10. Bxd4 Bd7 11. Nd2 a5 12. Rc1 Bc6 13. Nf3 e5 14. Ba1 Ne4 15.
c5 Nxc5 16. Nxe5 dxe5 17. Rxc5 Qg5 18. g3 Qf5 19. Qc2 Be4 20. g4 Bxc2 21. gxf5
Bxf5 22. Bxe5 Rfc8 23. Bc7 Bf8 24. Rxa5 Rxa5 25. Bxa5 Rc2 26. Bf3 Rxa2 27. Bc3
Ra3 28. Bd5 Be6 29. Bxe6 fxe6 30. Rb1 b5 1/2-1/2

[Event "TCh-TUR 2014"]
[Site "Konya TUR"]
[Date "2014.06.27"]
[Round "6.3"]
[White "Eminov, Orkhan"]
[Black "Aghasiyev, Kamal"]
[Result "1/2-1/2"]
[BlackTitle "IM"]
[WhiteElo "2254"]
[BlackElo "2401"]
[WhiteTeam "Denizli Pamukkale Universitesi"]
[BlackTeam "Karsiyaka Satranc Spor Kulubu"]
[WhiteFideId "13402153"]
[BlackFideId "13402854"]
[EventDate "2014.06.23"]

1. e4 e6 2. Qe2 c5 3. Nf3 Nc6 4. g3 Nge7 5. Bg2 g6 6. d3 Bg7 7. O-O O-O 8. c3 d6
9. h4 e5 10. Na3 f5 11. exf5 Bxf5 12. Nc4 Qd7 13. Ne3 Bh3 14. Bxh3 Qxh3 15. Ng5
Qd7 16. h5 h6 17. Ne4 g5 18. Qg4 Qxg4 19. Nxg4 Nf5 20. Kg2 b6 21. f4 gxf4 22.
gxf4 d5 23. Ng3 Nxg3 24. Kxg3 Rf5 25. Ne3 exf4+ 26. Rxf4 Rxh5 27. Rf5 Rxf5 28.
Nxf5 Kh7 29. Bf4 Re8 30. Rh1 Re6 31. Rh2 d4 32. Kf3 dxc3 33. bxc3 Ne7 34. Nxg7
Kxg7 35. d4 cxd4 36. cxd4 Nd5 37. Be5+ Kg6 38. Rg2+ Kf5 39. Rg8 Nc3 40. Rf8+ Kg5
41. Rg8+ Rg6 42. Rc8 Na4 43. Ke4 h5 44. Rc7 a6 45. d5 Nc5+ 46. Kd4 h4 47. Rc6
Kf5 48. Rxg6 Kxg6 49. d6 Kf5 50. Kd5 Nd7 51. Bh2 b5 52. Kc6 Ke6 53. Kb7 Kd5 54.
Kxa6 Kc6 55. Ka5 Nc5 56. Kb4 h3 57. a3 Nd3+ 58. Ka5 Nc5 59. Kb4 Nd3+ 60. Kc3 Nf2
61. Kb4 Ng4 62. Bg3 Nf6 63. Bh2 Nd5+ 64. Ka5 Nb6 65. Kb4 Nc4 66. d7 Kxd7 67. a4
bxa4 68. Kxc4 1/2-1/2

[Event "TCh-TUR 2014"]
[Site "Konya TUR"]
[Date "2014.06.27"]
[Round "6.3"]
[White "Capan, Ozan"]
[Black "Polatel, Ali"]
[Result "1/2-1/2"]
[WhiteElo "1927"]
[BlackElo "2177"]
[WhiteTeam "Karsiyaka Satranc Spor Kulubu"]
[BlackTeam "Denizli Pamukkale Universitesi"]
[WhiteFideId "6308708"]
[BlackFideId "6303196"]
[EventDate "2014.06.23"]

1. e4 c5 2. Nf3 e6 3. c3 Nf6 4. e5 Nd5 5. d4 cxd4 6. cxd4 b6 7. Bd3 Bb7 8. a3 d6
9. O-O Nd7 10. Bd2 Be7 11. Nc3 Nxc3 12. Bxc3 O-O 13. Qe2 Rc8 14. Rfd1 Bd5 15.
Rac1 Rc7 16. Bb4 Rxc1 17. Rxc1 dxe5 18. Bxe7 Qxe7 19. dxe5 Bxf3 20. Qxf3 Qg5 21.
Rc7 Nxe5 22. Qe4 Nxd3 23. Qxd3 Rd8 24. Qf3 Qf5 25. h3 Qxf3 26. gxf3 g5 27. Rxa7
Rd3 28. Kg2 Rb3 29. a4 Kg7 30. a5 bxa5 31. Rxa5 Kg6 32. Ra2 h5 33. Kg3 h4+ 34.
Kg2 Kf6 35. Kh2 e5 36. Kg2 Kg6 37. Ra6+ f6 38. Ra2 Kf5 39. Ra3 Rxb2 40. Ra6 Rd2
41. Rb6 Rd8 42. Ra6 Re8 43. Rb6 Re6 44. Rb4 Rd6 45. Ra4 Ke6 46. Ra5 f5 47. Rb5
Kf6 48. Ra5 Re6 49. Rb5 e4 50. fxe4 Rxe4 51. Ra5 g4 52. hxg4 Rxg4+ 53. Kh3 Rf4
54. Kg2 Rd4 55. Rb5 Rd3 56. Rb8 h3+ 57. Kh2 Kg5 58. Rg8+ Kf4 59. Rh8 Rd2 60.
Rxh3 Rxf2+ 61. Kg1 Rb2 62. Ra3 Kg4 63. Rc3 f4 64. Ra3 Re2 65. Kf1 Re4 66. Rb3
Ra4 67. Rc3 Kf5 68. Rb3 Ke4 69. Kf2 Ra2+ 70. Kf1 Rh2 71. Ra3 Kf5 72. Kg1 Rh7 73.
Kg2 Kg4 74. Ra4 Re7 75. Kf2 Re3 76. Rb4 Ra3 77. Rb2 Rh3 78. Rb4 Rh2+ 79. Kg1 Rc2
80. Rb3 Rc4 81. Ra3 Rc5 82. Kf2 Rh5 83. Kg2 Rg5 84. Kf2 Rg8 85. Rb3 Rh8 86. Kg2
Rh7 87. Ra3 Rd7 88. Rb3 Rd6 89. Ra3 Re6 90. Kf2 Rh6 91. Kg2 Rb6 92. Kf2 Rb4 93.
Rc3 Rb2+ 94. Kf1 Rb1+ 95. Kf2 Rb4 96. Ra3 Rb2+ 97. Kg1 Kf5 98. Rc3 Ke4 99. Ra3
Re2 100. Kf1 Rd2 101. Rb3 Kf5 102. Ra3 Rd8 103. Kf2 Rh8 104. Kg2 Rg8+ 105. Kf2
Kg4 106. Rb3 Ra8 107. Rc3 Ra4 108. Rb3 f3 109. Rb8 Ra2+ 110. Kf1 Ra4 111. Rg8+
Kf4 112. Rf8+ Ke3 113. Re8+ Re4 114. Rxe4+ Kxe4 115. Kf2 Kf4 116. Kf1 Kg3 117.
Kg1 1/2-1/2

[Event "TCh-TUR 2014"]
[Site "Konya TUR"]
[Date "2014.06.27"]
[Round "6.3"]
[White "Nurlu, Selin"]
[Black "Kashlinskaya, Alina"]
[Result "0-1"]
[BlackTitle "WGM"]
[WhiteElo "1575"]
[BlackElo "2419"]
[WhiteTeam "Karsiyaka Satranc Spor Kulubu"]
[BlackTeam "Denizli Pamukkale Universitesi"]
[WhiteFideId "6308236"]
[BlackFideId "4198026"]
[EventDate "2014.06.23"]

1. e4 Nf6 2. Nc3 e5 3. Bc4 Nc6 4. Nf3 Be7 5. O-O O-O 6. d3 d6 7. h3 Na5 8. Bb3
Nxb3 9. axb3 c6 10. Be3 a6 11. Re1 h6 12. Na4 Nd7 13. Qc1 d5 14. exd5 cxd5 15.
Bd2 Bf6 16. Nc3 d4 17. Ne4 b5 18. Bxh6 gxh6 19. Qxh6 Bg7 20. Qh5 Qb6 21. Nh4 Nc5
22. Nxc5 Qxc5 23. Nf3 Qxc2 24. Nxe5 Bb7 25. Rac1 Qd2 26. Rcd1 Qh6 27. Qg4 Rad8
28. Re2 Rd6 29. Rde1 Bc8 30. Qg3 Bf5 31. Rc2 Re8 32. Rc7 Rg6 33. Qf3 Rxe5 34.
Rxe5 Bxe5 35. Qa8+ Kg7 36. Qd5 Bxc7 0-1

[Event "TCh-TUR 2014"]
[Site "Konya TUR"]
[Date "2014.06.27"]
[Round "6.3"]
[White "Komut, Kaan"]
[Black "Tuna, Alp"]
[Result "1/2-1/2"]
[WhiteElo "1945"]
[BlackElo "1777"]
[WhiteTeam "Denizli Pamukkale Universitesi"]
[BlackTeam "Karsiyaka Satranc Spor Kulubu"]
[WhiteFideId "6309992"]
[BlackFideId "6372910"]
[EventDate "2014.06.23"]

1. Nf3 Nf6 2. c4 e6 3. d4 d5 4. Bg5 Be7 5. Nc3 O-O 6. e3 h6 7. Bh4 Ne4 8. Bxe7
Qxe7 9. cxd5 Nxc3 10. bxc3 exd5 11. Bd3 c6 12. h3 Nd7 13. O-O Nf6 14. Qc2 Be6
15. Rab1 Qc7 16. Rb2 Rfe8 17. Rfb1 b5 18. Nd2 Nd7 19. a4 a6 20. e4 dxe4 21. Bxe4
Nb6 22. axb5 axb5 23. Qd3 Ra3 24. Qf3 Rc8 25. Rc2 Qd6 26. Bd3 Bd5 27. Qg4 Re8
28. Rcc1 Qe6 29. Qxe6 Rxe6 30. Ra1 Rxa1 31. Rxa1 Kf8 32. Kf1 Re7 33. Ra6 Rb7 34.
Ke1 Ke7 35. f3 Kd6 36. Ne4+ Bxe4 37. fxe4 f6 38. Kd2 Kc7 39. g4 Kd7 40. h4 g6
41. Ra1 Ke6 42. Ra6 Kd6 43. Kc2 Kd7 44. Be2 Kd6 45. Kb3 Kd7 46. Ra2 Ke6 47. Kb4
Kd6 48. Bf1 Re7 49. Bd3 Rg7 50. Ra6 Rb7 51. Ra1 Re7 52. Ra6 Rb7 53. Be2 Rb8 54.
Ra7 Re8 55. Bd3 Nd7 56. Ra6 Kc7 57. Ra7+ Kd6 58. Ra1 Rb8 59. Rf1 Ra8 60. Kb3 Ra7
61. c4 bxc4+ 62. Bxc4 Rb7+ 63. Kc3 Ra7 64. Kb3 Rb7+ 65. Kc2 Rb4 66. Kc3 Rb7 67.
Bf7 g5 68. hxg5 hxg5 69. Be8 Ke7 70. Bxd7 Rxd7 71. Kc4 Ra7 72. Kc5 Ra2 73. Kxc6
Re2 74. Kd5 Rg2 75. Ra1 Rxg4 76. Ra7+ Ke8 77. Ra6 Rf4 78. Ra2 g4 79. Rg2 Ke7 80.
Rg3 Kd7 81. e5 fxe5 82. Kxe5 Rf1 83. Rxg4 Re1+ 84. Kd5 Rd1 85. Rg7+ Kd8 86. Ke5
Ra1 87. d5 Ra6 88. Kd4 Rh6 89. Kc5 Rf6 90. Ra7 Rh6 91. Ra2 Kc7 92. Re2 Kd7 93.
Re3 Rg6 94. Rh3 Rf6 95. Rh7+ Kd8 96. Rh8+ Kd7 97. Ra8 Rh6 98. Ra7+ Kc8 99. Ra8+
Kd7 100. Rb8 Kc7 101. Rb2 Rg6 102. Rf2 Rh6 103. Rg2 Rf6 104. Rh2 Rg6 105. Re2
Kd7 106. Rf2 Kc7 107. Ra2 Rh6 108. d6+ Rxd6 1/2-1/2

[Event "TCh-TUR 2014"]
[Site "Konya TUR"]
[Date "2014.06.27"]
[Round "6.3"]
[White "Kesgin, Halit Kaan"]
[Black "Dogan, Mire Deniz"]
[Result "1-0"]
[WhiteElo "1823"]
[BlackElo "1825"]
[WhiteTeam "Karsiyaka Satranc Spor Kulubu"]
[BlackTeam "Denizli Pamukkale Universitesi"]
[WhiteFideId "6349137"]
[BlackFideId "6317456"]
[EventDate "2014.06.23"]

1. e4 e6 2. d4 d5 3. Nd2 dxe4 4. Nxe4 Bd7 5. Nf3 Bc6 6. Bd3 Nd7 7. O-O Ngf6 8.
Qe2 Nxe4 9. Bxe4 Bxe4 10. Qxe4 c6 11. Bg5 Be7 12. Bxe7 Qxe7 13. c4 O-O 14. Rad1
Qb4 15. Qc2 Rac8 16. Rfe1 b5 17. c5 Rfd8 18. a3 Qa5 19. Re4 Nf6 20. Rh4 Rd5 21.
Ne5 h6 22. Qe2 Qa4 23. Rh3 Rxd4 24. Re1 Re4 25. Re3 Rxe3 26. Qxe3 Ng4 27. Nxg4
Qxg4 28. Qd3 Qf4 29. Rd1 Qc7 30. g3 Qe7 31. b4 Rc7 32. Kg2 e5 33. Qe4 f6 34. Rd6
Qe8 35. h4 Rf7 36. Qxc6 Qe7 37. Qd5 Qc7 38. c6 Kh7 39. Rd7 Rxd7 40. Qxd7 Qb6 41.
c7 Qb7+ 42. Kg1 1-0

[Event "TCh-TUR 2014"]
[Site "Konya TUR"]
[Date "2014.06.27"]
[Round "6.3"]
[White "Ayan, Bengu Sena"]
[Black "Celik, Akarsu Bengi"]
[Result "1-0"]
[WhiteElo "1549"]
[BlackElo "1418"]
[WhiteTeam "Denizli Pamukkale Universitesi"]
[BlackTeam "Karsiyaka Satranc Spor Kulubu"]
[WhiteFideId "6346120"]
[BlackFideId "6348955"]
[EventDate "2014.06.23"]

1. e4 c5 2. Nc3 g6 3. f4 Bg7 4. Nf3 d6 5. Bb5+ Nd7 6. O-O a6 7. Bxd7+ Bxd7 8. d3
Nf6 9. Qe1 O-O 10. Qh4 e6 11. f5 Ne8 12. Bg5 Bf6 13. fxg6 fxg6 14. e5 Bxg5 15.
Nxg5 Rxf1+ 16. Rxf1 h5 17. Nce4 Rc8 18. Rf7 dxe5 19. Qf2 Nd6 20. Nf6+ 1-0

[Event "TCh-TUR 2014"]
[Site "Konya TUR"]
[Date "2014.06.27"]
[Round "6.4"]
[White "Grigorov, Grigor"]
[Black "Galkin, Alexander"]
[Result "1/2-1/2"]
[WhiteTitle "GM"]
[BlackTitle "GM"]
[WhiteElo "2494"]
[BlackElo "2615"]
[WhiteTeam "Karaman Saglik Spor Kulubu"]
[BlackTeam "Pausa"]
[WhiteFideId "2907313"]
[BlackFideId "4120426"]
[EventDate "2014.06.23"]

1. d4 d5 2. Nf3 e6 3. c4 Nf6 4. Bg5 h6 5. Bxf6 Qxf6 6. Nc3 c6 7. e3 g6 8. Bd3
Bg7 9. O-O O-O 10. Rc1 Rd8 11. Qe2 Qe7 12. Rfd1 Nd7 13. a3 dxc4 14. Bxc4 Nb6 15.
Ba2 Bd7 16. Ne4 Be8 17. Qc2 Nd7 1/2-1/2

[Event "TCh-TUR 2014"]
[Site "Konya TUR"]
[Date "2014.06.27"]
[Round "6.4"]
[White "Salepci, Osman Firat"]
[Black "Enchev, Ivajlo"]
[Result "1/2-1/2"]
[BlackTitle "IM"]
[WhiteElo "2094"]
[BlackElo "2421"]
[WhiteTeam "Pausa"]
[BlackTeam "Karaman Saglik Spor Kulubu"]
[WhiteFideId "6302343"]
[BlackFideId "2907712"]
[EventDate "2014.06.23"]

1. e4 d5 2. exd5 Qxd5 3. Nf3 Bg4 4. Be2 Nc6 5. d4 O-O-O 6. Be3 e5 7. Nc3 Bb4 8.
Nxe5 Bxe2 9. Qxe2 Nxe5 10. O-O-O Bxc3 11. dxe5 Bxb2+ 12. Kb1 Qxe5 13. Rxd8+ Kxd8
14. Rd1+ Kc8 15. Qg4+ f5 16. Qa4 Ne7 17. Qxa7 Nc6 18. Qa8+ Nb8 19. Ba7 c6 20.
Bxb8 Qxb8 21. Qxb8+ Kxb8 22. Kxb2 Kc7 23. Re1 Kd6 24. c4 g6 25. Kc3 b6 26. Kb4
Rf8 27. f4 Rf7 28. a4 Rf8 29. Rd1+ Kc7 30. Re1 Kd6 31. Rd1+ Kc7 1/2-1/2

[Event "TCh-TUR 2014"]
[Site "Konya TUR"]
[Date "2014.06.27"]
[Round "6.4"]
[White "Donmez, Yusuf"]
[Black "Okus, Melih"]
[Result "1/2-1/2"]
[WhiteElo "2055"]
[BlackElo "1992"]
[WhiteTeam "Karaman Saglik Spor Kulubu"]
[BlackTeam "Pausa"]
[WhiteFideId "6301967"]
[BlackFideId "6305407"]
[EventDate "2014.06.23"]

1. c4 e5 2. Nc3 Nc6 3. g3 g6 4. Bg2 Bg7 5. d3 Nge7 6. Bg5 h6 7. Bd2 O-O 8. Qc1
Kh7 9. h4 d6 10. Nh3 f6 11. Nd5 Nxd5 12. cxd5 Ne7 13. Qc4 c6 14. Rc1 Nxd5 15.
Bxd5 cxd5 16. Qxd5 Bxh3 17. Rxh3 Qd7 18. Rh1 Rac8 19. Rxc8 Rxc8 20. h5 Qc6 21.
hxg6+ Kxg6 22. Qxc6 Rxc6 23. Rh4 f5 24. Ra4 a6 25. Rc4 d5 26. Rxc6+ bxc6 27. Bb4
f4 28. g4 e4 29. dxe4 dxe4 30. b3 f3 31. exf3 exf3 32. Bd2 Bd4 33. Bf4 Bc3+ 34.
Kd1 Bd4 35. Ke1 Bc3+ 36. Kd1 Bd4 37. Ke1 1/2-1/2

[Event "TCh-TUR 2014"]
[Site "Konya TUR"]
[Date "2014.06.27"]
[Round "6.4"]
[White "Ozen, Ali"]
[Black "Circi, Fatih"]
[Result "1-0"]
[WhiteElo "1719"]
[BlackElo "2015"]
[WhiteTeam "Pausa"]
[BlackTeam "Karaman Saglik Spor Kulubu"]
[WhiteFideId "6307132"]
[BlackFideId "6319726"]
[EventDate "2014.06.23"]

1. e4 c6 2. d4 d5 3. e5 Bf5 4. Nc3 Qb6 5. Bd3 Qxd4 6. Nf3 Qg4 7. Be2 Qb4 8. Nd4
e6 9. Nxf5 exf5 10. Bd2 Qd4 11. O-O Qxe5 12. Ba6 Qc7 13. Bf4 Qc8 14. Nxd5 Nxa6
15. Re1+ Ne7 16. Nxe7 Bxe7 17. Rxe7+ Kf8 18. Qd6 Kg8 19. Rae1 Qf8 20. Bh6 gxh6
21. Qg3+ 1-0

[Event "TCh-TUR 2014"]
[Site "Konya TUR"]
[Date "2014.06.27"]
[Round "6.4"]
[White "Tikir, Hazal"]
[Black "Khurtsilava, Inga"]
[Result "0-1"]
[BlackTitle "WGM"]
[WhiteElo "1668"]
[BlackElo "2233"]
[WhiteTeam "Karaman Saglik Spor Kulubu"]
[BlackTeam "Pausa"]
[WhiteFideId "6310311"]
[BlackFideId "13600419"]
[EventDate "2014.06.23"]

1. e4 c5 2. Nf3 b6 3. d4 cxd4 4. Nxd4 Bb7 5. Nc3 Nc6 6. Nxc6 dxc6 7. Bf4 e6 8.
a3 Nf6 9. Be2 Bc5 10. O-O O-O 11. Qxd8 Rfxd8 12. Rad1 Bd4 13. Bf3 e5 14. Bg5
Bxc3 15. bxc3 c5 16. Bxf6 gxf6 17. Rfe1 Kf8 18. Re3 Rxd1+ 19. Bxd1 Ke7 20. Be2
Rd8 21. f3 Rd2 22. Bd3 Rd1+ 23. Kf2 Ra1 24. Bc4 Rxa3 25. Bd5 Bxd5 26. exd5 Kd6
27. c4 Rxe3 28. Kxe3 f5 29. Kd3 a5 30. g3 a4 31. h3 e4+ 32. fxe4 fxe4+ 33. Kxe4
a3 0-1

[Event "TCh-TUR 2014"]
[Site "Konya TUR"]
[Date "2014.06.27"]
[Round "6.4"]
[White "Ersoz, Bartu"]
[Black "Oz, Ozan"]
[Result "0-1"]
[WhiteElo "1918"]
[BlackElo "1793"]
[WhiteTeam "Pausa"]
[BlackTeam "Karaman Saglik Spor Kulubu"]
[WhiteFideId "6324312"]
[BlackFideId "6349188"]
[EventDate "2014.06.23"]

1. e4 e6 2. d4 d5 3. e5 c5 4. c3 Qb6 5. Nf3 Bd7 6. Bd3 Bb5 7. O-O Nc6 8. dxc5
Bxc5 9. Qe2 Bxd3 10. Qxd3 a5 11. Nbd2 a4 12. b4 axb3 13. Nxb3 Nge7 14. Nxc5 Qxc5
15. Be3 Qa3 16. Rfb1 Ng6 17. Qb5 Qa4 18. Bc5 Ra5 19. Qxb7 Nd8 20. Qc7 Ra6 21.
Rb8 Qd7 22. Qxd7+ Kxd7 23. a4 Kc7 24. Rb5 Nb7 25. Be3 Rc8 26. Rab1 Nd8 27. c4
dxc4 28. a5 Kd7 29. Rc1 Nc6 30. Bb6 Nce7 31. g3 Nd5 32. Bd4 c3 33. Ng5 Rc4 34.
Nf3 Kc6 35. Rb8 Rxa5 36. Bxc3 Nxc3 37. Rc8+ Kd7 38. Rxc4 Ne2+ 39. Kg2 Nxc1 40.
Rxc1 Nxe5 41. Nxe5+ Rxe5 42. Ra1 Rc5 43. Ra8 Ke7 44. h3 Rc3 45. Ra7+ Kf6 46. Ra5
Kg6 47. g4 Rd3 48. Rb5 Rd5 49. Rb4 h5 50. Kg3 hxg4 51. hxg4 Rd3+ 52. f3 f6 53.
Ra4 Kg5 54. Rb4 g6 55. Rb5+ e5 56. Ra5 Re3 57. Kf2 Kf4 58. Ra4+ e4 59. fxe4 Rxe4
60. Ra6 Kg5 61. Kf3 Rf4+ 62. Ke3 Kxg4 0-1

[Event "TCh-TUR 2014"]
[Site "Konya TUR"]
[Date "2014.06.27"]
[Round "6.4"]
[White "Karacan, Can Berk"]
[Black "Ozen, Batuhan"]
[Result "0-1"]
[WhiteElo "1773"]
[BlackElo "1691"]
[WhiteTeam "Karaman Saglik Spor Kulubu"]
[BlackTeam "Pausa"]
[WhiteFideId "6347851"]
[BlackFideId "6345123"]
[EventDate "2014.06.23"]

1. e4 c5 2. Nf3 Nc6 3. d4 cxd4 4. Nxd4 g6 5. Nc3 Bg7 6. Nb3 d6 7. Be2 Nf6 8. O-O
O-O 9. Re1 Bd7 10. Bf1 a6 11. Nd5 Be6 12. Bg5 Bxd5 13. exd5 Ne5 14. c3 Re8 15.
a4 Rc8 16. a5 Qd7 17. Qd4 Qf5 18. f4 Ned7 19. c4 h6 20. Bxf6 Bxf6 21. Qd2 Nc5
22. Nxc5 dxc5 23. Bd3 Bd4+ 24. Kh1 Qf6 25. Re2 Rb8 26. g3 Kg7 27. Rae1 b6 28.
Be4 bxa5 29. Qxa5 Rb6 30. Bd3 Rb3 31. Bb1 Reb8 32. Rxe7 Rxb2 33. Bd3 Bc3 34. Qc7
Bxe1 35. Re6 R8b7 36. Qc8 fxe6 37. d6 Qf7 38. Qxc5 Bc3 39. Qc8 Qd7 40. Qxd7+
Rxd7 41. c5 Rxd6 42. cxd6 Rd2 0-1

[Event "TCh-TUR 2014"]
[Site "Konya TUR"]
[Date "2014.06.27"]
[Round "6.4"]
[White "Dursun, Poyraz"]
[Black "Caglayan, Bengisu"]
[Result "1-0"]
[WhiteElo "1421"]
[BlackElo "1496"]
[WhiteTeam "Pausa"]
[BlackTeam "Karaman Saglik Spor Kulubu"]
[WhiteFideId "6382304"]
[BlackFideId "6353177"]
[EventDate "2014.06.23"]

1. d4 d5 2. c4 c6 3. cxd5 cxd5 4. Nc3 Nf6 5. Bf4 Nc6 6. e3 e6 7. Nf3 Bb4 8. a3
Bxc3+ 9. bxc3 Qa5 10. Qb3 a6 11. Bd3 O-O 12. O-O b5 13. a4 bxa4 14. Rxa4 Qd8 15.
Qa2 a5 16. h3 Ba6 17. Qc2 Bxd3 18. Qxd3 Qd7 19. Rfa1 Rfc8 20. Ne5 Nxe5 21. Bxe5
Ne4 22. Rxa5 Rxa5 23. Rxa5 Rxc3 24. Ra8+ Rc8 25. Qa6 Re8 26. Qa7 Qc6 27. Qb7
Qc1+ 28. Kh2 1-0